| 000 | 00552ntaaa2200205 4500 | ||
|---|---|---|---|
| 003 | 01 | ||
| 005 | 20251027202604.0 | ||
| 008 | 0714s1973 ag 01 | ||
| 040 |
_aAR-BaBN _bspa _cAR-BaBN _eaacr _dRIC |
||
| 082 | _a320.9820 P42c | ||
| 100 |
_aPerón, Juan Domingo _925059 |
||
| 245 | _aConducción politica | ||
| 250 | _a1 ed. | ||
| 260 |
_aBuenos Aires : _bEd. Freeland, _c1974 |
||
| 300 | _a368 p | ||
| 500 | _aFacsílile de la original publicado en 1952 | ||
| 650 |
_apolítica _95106 |
||
| 650 |
_aArgentina-ideas políticas _914749 |
||
| 942 | _cBK | ||
| 999 |
_c21002 _d21002 |
||